Nastavenie testov a skúšok na Spoločný európsky referenčný rámec
Východiskom pre napísanie príspevku je účasť v expertnom tíme, ktorý školil zostavovateľov testov ako postupovať pri aplikácii Manuálu, ktorý umožňuje zreteľne preukázať súlad medzi úrovňou zostaveného testu/skúšky a referenčnou úrovňou podľa Spoločného európskeho referenčného rámca.
Saved in:
| Main Author: | |
|---|---|
| Format: | Book Chapter |
| Language: | Slovak |
| Subjects: | |
| Tags: |
No Tags, Be the first to tag this record!
|
MARC
| LEADER | 00000nla$a2200000$$$4500 | ||
|---|---|---|---|
| 001 | 0116927 | ||
| 005 | 20221129080608.5 | ||
| 041 | 0 | |a slo | |
| 044 | |a SK | ||
| 245 | 1 | 0 | |a Nastavenie testov a skúšok na Spoločný európsky referenčný rámec |c Jana Bérešová |
| 520 | |a Východiskom pre napísanie príspevku je účasť v expertnom tíme, ktorý školil zostavovateľov testov ako postupovať pri aplikácii Manuálu, ktorý umožňuje zreteľne preukázať súlad medzi úrovňou zostaveného testu/skúšky a referenčnou úrovňou podľa Spoločného európskeho referenčného rámca. | ||
| 610 | 2 | 0 | |a jazyky cudzie |
| 610 | 2 | 0 | |a vzdelávanie |
| 610 | 2 | 0 | |a testy |
| 610 | 2 | 0 | |a testy didaktické |
| 610 | 2 | 0 | |a Európska únia |
| 100 | 1 | |a Bérešová, Jana | |